[Event "Sparkassen-Open A"]
[Site "Heusenstamm, Martinsee"]
[Date "2015.11.26"]
[Round "1.54"]
[White "Paeslack, Luis"]
[Black "Rosenberger, Frank"]
[Result "0-1"]
[WhiteElo "1752"]
[BlackElo "2070"]
[PlyCount "108"]
[EventDate "2015.??.??"]
[WhiteTeam "SK Mainaschaff"]
[BlackTeam "SK Gernsheim"]

1. d4 d5 2. c4 e6 3. Nc3 c6 4. Nf3 Nf6 5. Bg5 dxc4 6. e4 b5 7. e5 h6 8. Bh4 g5
9. Nxg5 hxg5 10. Bxg5 Be7 11. exf6 Bxf6 12. Bxf6 Qxf6 13. a4 Rh4 14. axb5 Rxd4
15. Qf3 Qxf3 16. gxf3 Bb7 17. Be2 Nd7 18. O-O Ke7 19. Rfd1 Rh4 20. Kg2 cxb5 21.
Nxb5 Rg8+ 22. Kh1 Rgh8 23. Rxa7 Rxh2+ 24. Kg1 R2h5 25. Rxd7+ Kxd7 26. Rxb7+ Kc6
27. Rc7+ Kxb5 28. Bxc4+ Kb4 29. b3 Rf5 30. Kf1 Rxf3 31. Ke2 Rf6 32. Rb7+ Kc3
33. Rc7 Kd4 34. Rd7+ Kc5 35. Rd3 Rh2 36. Rf3 Rxf3 37. Kxf3 Kd4 38. Kg3 Rh1 39.
Kf4 e5+ 40. Kg4 f5+ 41. Kxf5 Rh4 42. Kg5 Rf4 43. f3 Rxf3 44. Kg4 e4 45. Be6 Rf6
46. Bc4 e3 47. Kg3 Kc3 48. Be2 Kxb3 49. Kg2 Rf2+ 50. Kg1 Rxe2 51. Kh1 Rf2 52.
Kg1 Kc3 53. Kh1 e2 54. Kg1 e1=Q# 0-1

[Event "Sparkassen-Open A"]
[Site "Heusenstamm, Martinsee"]
[Date "2015.11.26"]
[Round "1.55"]
[White "Held, Carsten"]
[Black "Illenberger, Dirk"]
[Result "1/2-1/2"]
[WhiteElo "2065"]
[BlackElo "1746"]
[PlyCount "64"]
[EventDate "2015.??.??"]
[WhiteTeam "SC Ladja Roßdorf"]
[BlackTeam "FV Berkersheim"]

1. Nf3 Nf6 2. c4 c5 3. g3 g6 4. Bg2 Bg7 5. Nc3 Nc6 6. O-O O-O 7. d3 d6 8. Rb1
Bg4 9. a3 a5 10. Ne1 Qd7 11. Nc2 Bh3 12. b4 Bxg2 13. Kxg2 axb4 14. axb4 b6 15.
e4 e6 16. Qf3 Ne8 17. Bd2 Nc7 18. bxc5 bxc5 19. Rb7 Na5 20. Rb6 Rfb8 21. Rfb1
Rxb6 22. Rxb6 Ra6 23. Rxa6 Nxa6 24. e5 Nc6 25. exd6 Nab4 26. Nxb4 cxb4 27. Ne4
f5 28. Nc5 Qxd6 29. Nb7 Qd7 30. Nc5 Qd6 31. Nb7 Qd7 32. Nc5 Qd6 1/2-1/2

[Event "Sparkassen-Open A"]
[Site "Heusenstamm, Martinsee"]
[Date "2015.11.26"]
[Round "1.56"]
[White "Reichel, Günther"]
[Black "Weil, Volker"]
[Result "0-1"]
[WhiteElo "1745"]
[BlackElo "2065"]
[PlyCount "60"]
[EventDate "2015.??.??"]
[WhiteTeam "SC-SF Stockstadt"]
[BlackTeam "SC Steinbach"]

1. c4 d6 2. g3 e5 3. Bg2 f5 4. Nc3 Nf6 5. d3 Be7 6. Bg5 c6 7. Nf3 O-O 8. c5 Kh8
9. cxd6 Qxd6 10. O-O Na6 11. a3 Be6 12. b4 h6 13. Bd2 Nh7 14. Qc1 Rac8 15. Qb2
Bf6 16. Nh4 Bxh4 17. gxh4 Nf6 18. Rad1 Rfd8 19. e4 f4 20. Bf3 Qe7 21. d4 Ng4
22. dxe5 Nxe5 23. Be2 Qxh4 24. Kh1 f3 25. Bxa6 bxa6 26. Rg1 Bh3 27. Rg3 Bg2+
28. Kg1 Ng4 29. Rxg4 Qxg4 30. Ne2 fxe2 0-1

[Event "Sparkassen-Open A"]
[Site "Heusenstamm, Martinsee"]
[Date "2015.11.26"]
[Round "1.57"]
[White "Kalepky, Helmut"]
[Black "Völler, Lothar"]
[Result "0-1"]
[WhiteElo "2064"]
[BlackElo "1738"]
[PlyCount "154"]
[EventDate "2015.??.??"]
[WhiteTeam "SF Heidesheim"]
[BlackTeam "FS Dortmund"]

1. d4 f5 2. c4 Nf6 3. g3 e6 4. Bg2 Be7 5. Nf3 O-O 6. O-O d6 7. b3 Qe8 8. Bb2 a5
9. Nc3 Na6 10. Qc2 Nb4 11. Qb1 Rb8 12. e4 fxe4 13. Nxe4 b5 14. a3 Nxe4 15. Qxe4
d5 16. Qe2 Na6 17. c5 Bf6 18. Rac1 c6 19. Ne5 b4 20. a4 Nc7 21. Rfe1 Ba6 22.
Qg4 Bxe5 23. Rxe5 Bd3 24. Rce1 Bf5 25. Qe2 Qg6 26. Bc1 Rf7 27. Bf4 Rbf8 28. Bf3
Bd3 29. Bh5 Bxe2 30. Bxg6 hxg6 31. R5xe2 Rxf4 32. gxf4 Rxf4 33. Rd2 Kf7 34. Kg2
Ne8 35. Kg3 Rf5 36. Re5 Nf6 37. Rxf5 gxf5 38. f3 g5 39. Kf2 Kg6 40. Re2 Kf7 41.
Re1 Nh5 42. h4 Nf4 43. Rh1 gxh4 44. Rxh4 Nd3+ 45. Ke3 Nc1 46. Rh1 Na2 47. Kf4
Kf6 48. Rh6+ Kf7 49. Ke5 Nc1 50. Rxe6 Nxb3 51. Rxc6 Nd2 52. Kxd5 Nxf3 53. Ra6
b3 54. Kc4 b2 55. Ra7+ Ke8 56. Rb7 Nd2+ 57. Kd5 b1=Q 58. Rxb1 Nxb1 59. Ke6 Nc3
60. Kxf5 Nxa4 61. Ke4 Kd7 62. Kd3 Kc6 63. Kc4 Nb2+ 64. Kb3 Nd3 65. Kc3 Nf4 66.
Kb3 Kb5 67. Kc3 Nd5+ 68. Kb3 Nb4 69. Kc3 a4 70. Kb2 Nd5 71. Ka3 Ka5 72. Kb2 Kb4
73. Ka2 a3 74. Ka1 Kb3 75. c6 Nb4 76. c7 Nc2+ 77. Kb1 a2+ 0-1

[Event "Sparkassen-Open A"]
[Site "Heusenstamm, Martinsee"]
[Date "2015.11.26"]
[Round "1.58"]
[White "Falkenhainer, Sven"]
[Black "Pawelzik, Malte"]
[Result "1-0"]
[WhiteElo "1736"]
[BlackElo "2056"]
[PlyCount "51"]
[EventDate "2015.??.??"]
[WhiteTeam "SC Bergen-Enkheim"]
[BlackTeam "SC Garching"]

1. e4 e6 2. Nf3 d5 3. exd5 exd5 4. d4 Nc6 5. c3 Bd6 6. Bd3 Nge7 7. Be3 Bg4 8.
Nbd2 Qd7 9. Qc2 O-O-O 10. O-O-O Kb8 11. b4 Nf5 12. a3 Nce7 13. h3 Nxe3 14. fxe3
Bf5 15. e4 dxe4 16. Nxe4 Nd5 17. Nc5 Qc6 18. Bxf5 Ne3 19. Be4 Nxc2 20. Bxc6 Ne3
21. Nxb7 Nxd1 22. Nxd8 Nf2 23. Nxf7 Rf8 24. Rf1 Nd3+ 25. Kc2 Nf4 26. N3e5 1-0

[Event "Sparkassen-Open A"]
[Site "Heusenstamm, Martinsee"]
[Date "2015.11.26"]
[Round "1.59"]
[White "Werner, Dimo"]
[Black "Miller, Justin"]
[Result "1-0"]
[WhiteElo "2052"]
[BlackElo "1736"]
[PlyCount "67"]
[EventDate "2015.??.??"]
[WhiteTeam "TSV Schott Mainz"]
[BlackTeam "Sfr. Kelkheim"]

1. d4 d5 2. Nf3 Nf6 3. c4 c6 4. Nc3 e6 5. e3 Nbd7 6. Qc2 Bd6 7. Bd3 O-O 8. O-O
dxc4 9. Bxc4 b5 10. Bd3 a6 11. Ne4 Qc7 12. Nxd6 Qxd6 13. e4 e5 14. Re1 Rd8 15.
Bg5 Bb7 16. Rad1 Qe6 17. h3 h6 18. Bh4 Re8 19. Bg3 Nh5 20. Bh2 Nf4 21. Bxf4
exf4 22. b3 g5 23. e5 Nb6 24. Bf5 Qe7 25. Nd2 c5 26. dxc5 Nd5 27. c6 Nb4 28.
cxb7 Nxc2 29. bxa8=Q Rxa8 30. Bxc2 Rc8 31. Bb1 Kg7 32. Ne4 Rd8 33. Nd6 Kh8 34.
Nxf7+ 1-0

[Event "Sparkassen-Open A"]
[Site "Heusenstamm, Martinsee"]
[Date "2015.11.26"]
[Round "1.60"]
[White "Fischer, Lutz"]
[Black "Eichner, Christian"]
[Result "0-1"]
[WhiteElo "1729"]
[BlackElo "2051"]
[PlyCount "74"]
[EventDate "2015.??.??"]
[WhiteTeam "SF Frankfurt"]
[BlackTeam "SV TuR Dresden"]

1. e4 e5 2. Nf3 Nc6 3. Bb5 a6 4. Ba4 Nf6 5. d3 b5 6. Bb3 d5 7. exd5 Nxd5 8. O-O
Bg4 9. h3 Bh5 10. g4 Bg6 11. Nxe5 Nxe5 12. Re1 f6 13. d4 Nb6 14. Bf4 h5 15.
dxe5 Qxd1 16. Rxd1 hxg4 17. hxg4 Be4 18. Bh2 Rh4 19. Re1 Rxg4+ 20. Bg3 Bc5 21.
Kf1 f5 22. Nc3 Bc6 23. Rad1 Rd8 24. Bf7+ Ke7 25. e6 Rh8 26. Ne2 Rh1+ 27. Ng1
Rxg1+ 28. Kxg1 Rxg3+ 29. Kh2 Rg2+ 30. Kh3 Rxf2 31. Rg1 Bf3 32. Rd3 Bg4+ 33. Kg3
Rxc2 34. Rh1 Bd6+ 35. Rxd6 cxd6 36. Rh8 Rc8 37. Rh7 Kf6 0-1

[Event "Sparkassen-Open A"]
[Site "Heusenstamm, Martinsee"]
[Date "2015.11.26"]
[Round "1.62"]
[White "Wehr, Jan"]
[Black "Euler, Stephan"]
[Result "0-1"]
[WhiteElo "1713"]
[BlackElo "2046"]
[PlyCount "92"]
[EventDate "2015.??.??"]
[WhiteTeam "Krefelder SK Turm"]
[BlackTeam "SC Ladja Roßdorf"]

1. Nf3 e6 2. g3 d5 3. Bg2 c5 4. c4 Nc6 5. cxd5 exd5 6. d4 Nf6 7. O-O Be7 8. Nc3
O-O 9. Bg5 c4 10. Ne5 Be6 11. Nxc6 bxc6 12. Qc2 h6 13. Bd2 Qb6 14. e3 Rab8 15.
b3 cxb3 16. Qxb3 Qc7 17. Qc2 Qd7 18. e4 dxe4 19. Nxe4 Qxd4 20. Nxf6+ Bxf6 21.
Be3 Qc4 22. Rac1 Qa6 23. Qxc6 Qxa2 24. Qc5 a5 25. Rc2 Qb3 26. Rd2 a4 27. Bd5
Bxd5 28. Qxd5 a3 29. Qxb3 Rxb3 30. Ra2 Rc8 31. Kg2 Rcc3 32. Rc1 Rd3 33. Rc8+
Kh7 34. Ra8 Bb2 35. Bc5 Rdc3 36. Bd6 Rd3 37. Bc5 Rbc3 38. Bb4 Rb3 39. Bc5 h5
40. Ra6 Bc1 41. h4 Bb2 42. Be7 Rf3 43. Bc5 f6 44. Kf1 Kg6 45. Ra7 Rbc3 46. Be3
Rcxe3 0-1

[Event "Sparkassen-Open A"]
[Site "Heusenstamm, Martinsee"]
[Date "2015.11.26"]
[Round "1.63"]
[White "Berberich, Christoph"]
[Black "Reinhold, Günter"]
[Result "1-0"]
[WhiteElo "2037"]
[BlackElo "1713"]
[PlyCount "109"]
[EventDate "2015.??.??"]
[WhiteTeam "SK Freiburg-Zähringen 1887"]
[BlackTeam "Frankfurter TV"]

1. d4 Nf6 2. Nf3 e6 3. c4 b6 4. a3 Bb7 5. Nc3 d5 6. cxd5 Nxd5 7. e3 Be7 8. Bb5+
c6 9. Bd3 Nd7 10. O-O Rc8 11. e4 Nxc3 12. bxc3 O-O 13. Bb2 c5 14. Qe2 cxd4 15.
cxd4 Nf6 16. Rad1 Qc7 17. Rfe1 Rfe8 18. h3 h6 19. Rc1 Qb8 20. Ne5 Rxc1 21. Rxc1
Qa8 22. Re1 Rc8 23. Ng4 Nxg4 24. Qxg4 Bf8 25. f4 Rc7 26. f5 exf5 27. Qxf5 Qc8
28. Qxc8 Rxc8 29. Rc1 Rxc1+ 30. Bxc1 h5 31. d5 Bd6 32. a4 f6 33. Kf2 Kf7 34.
Be3 Ke7 35. Bd4 Be5 36. Ke3 Bd6 37. Bb5 Bg3 38. Be2 g6 39. Bc3 Bd6 40. Bb2 Bc5+
41. Kd2 Bd6 42. Bd4 Bc8 43. Kc2 Bd7 44. Kb3 Bg3 45. Bc4 Bd6 46. Bd3 g5 47. Be2
g4 48. hxg4 Bxg4 49. Bxg4 hxg4 50. Kc4 Bb8 51. Kb5 Bd6 52. Kc6 g3 53. Bxf6+
Kxf6 54. Kxd6 a6 55. e5+ 1-0

[Event "Sparkassen-Open A"]
[Site "Heusenstamm, Martinsee"]
[Date "2015.11.26"]
[Round "1.64"]
[White "Midanka, Vladimir"]
[Black "Kolker, Vladislav"]
[Result "0-1"]
[WhiteElo "1700"]
[BlackElo "2029"]
[PlyCount "106"]
[EventDate "2015.??.??"]
[WhiteTeam "vereinslos"]
[BlackTeam "SC Bad Nauheim"]

1. d4 Nf6 2. c4 g6 3. Nc3 Bg7 4. e4 d6 5. Be2 O-O 6. f4 c5 7. d5 b5 8. cxb5 a6
9. g4 axb5 10. g5 Ne8 11. h4 b4 12. Nb1 e6 13. h5 exd5 14. hxg6 hxg6 15. Qxd5
Nc7 16. Qd3 d5 17. Qg3 dxe4 18. Qh4 Re8 19. Nd2 Nc6 20. Nc4 Nd4 21. Qh7+ Kf8
22. Ne3 Nd5 23. Ng4 Bxg4 24. Bxg4 Nc2+ 25. Kf1 Nxa1 26. f5 Ra6 27. f6 Nxf6 28.
gxf6 Qxf6+ 29. Kg2 Nc2 30. Ne2 e3 31. Rf1 Qg5 32. Kh3 Rxa2 33. Nf4 Ra6 34. Ng2
Qh6+ 35. Qxh6 Bxh6 36. Rh1 f5 37. Be2 Rd6 38. Nh4 Nd4 39. Bc4 g5 40. Ng2 Kg7
41. Kg3 f4+ 42. Kg4 Nc6 43. Bb5 Ne5+ 44. Kf5 Re7 45. b3 Rf6+ 46. Ke4 Kg6 47.
Bb2 Nc4+ 48. Kd5 Nxb2 49. Ne1 f3 50. Nd3 Nxd3 51. Bxd3+ Kg7 52. Kxc5 e2 53. Re1
g4 0-1

[Event "Sparkassen-Open A"]
[Site "Heusenstamm, Martinsee"]
[Date "2015.11.26"]
[Round "1.65"]
[White "Rolf, Marco"]
[Black "Traut, Stefan"]
[Result "1-0"]
[WhiteElo "2023"]
[BlackElo "1687"]
[PlyCount "97"]
[EventDate "2015.??.??"]
[WhiteTeam "SK Bad Homburg"]
[BlackTeam "SF Heusenstamm"]

1. d4 Nf6 2. c4 c5 3. d5 e6 4. Nc3 exd5 5. cxd5 d6 6. e4 g6 7. f4 Bg7 8. Bb5+
Nfd7 9. a4 O-O 10. Nf3 a6 11. Bd3 Re8 12. O-O Qc7 13. Be3 b6 14. Rc1 Bb7 15.
Qd2 Nf8 16. f5 Nbd7 17. Bh6 Nf6 18. Bxg7 Kxg7 19. Ng5 N8d7 20. fxg6 hxg6 21.
Rf2 Re7 22. Rcf1 Rf8 23. e5 Rxe5 24. Nce4 Rxe4 25. Bxe4 Nxe4 26. Nxe4 Ne5 27.
Qg5 Qd8 28. Qd2 Qe7 29. Ng3 Bc8 30. Qf4 Nd3 31. Qf6+ Qxf6 32. Rxf6 Nxb2 33. a5
b5 34. Rxd6 Nc4 35. Rc6 Nxa5 36. Rxc5 Nb3 37. Rc7 Nd4 38. Ne4 b4 39. Nd6 Nf5
40. Nxc8 Ne3 41. Rb1 Nxd5 42. Rc5 Nf4 43. Na7 Re8 44. Rc4 Nd3 45. Nc6 Rc8 46.
g3 Rc7 47. Ne5 Rxc4 48. Nxc4 Kf6 49. Rb3 1-0

[Event "Sparkassen-Open A"]
[Site "Heusenstamm, Martinsee"]
[Date "2015.11.26"]
[Round "1.66"]
[White "Köllner, Felicitas Ophelia"]
[Black "Martin, Reiner"]
[Result "0-1"]
[WhiteElo "1682"]
[BlackElo "2021"]
[PlyCount "90"]
[EventDate "2015.??.??"]
[WhiteTeam "SV Bergneustadt/Derschlag"]
[BlackTeam "SC Bad Soden"]

1. d4 Nf6 2. Nf3 c5 3. e3 g6 4. Bd3 Bg7 5. O-O O-O 6. c3 d6 7. Nbd2 Nbd7 8. e4
b6 9. Re1 Qc7 10. b3 cxd4 11. cxd4 Qc3 12. Bb1 Ba6 13. Qc2 Qxc2 14. Bxc2 Rac8
15. Bd1 Nh5 16. Be2 Bxe2 17. Rxe2 Nf4 18. Re1 Rc2 19. Ba3 Rfc8 20. Kf1 Bxd4 21.
Nxd4 Rxd2 22. Red1 Rxd1+ 23. Rxd1 Ne5 24. Bc1 Nfd3 25. Be3 Nb4 26. a4 Nc2 27.
Nxc2 Rxc2 28. Rc1 Rxc1+ 29. Bxc1 a6 30. Ke2 f6 31. Be3 b5 32. axb5 axb5 33. Bb6
Nd7 34. Be3 Nc5 35. Bxc5 dxc5 36. Kd3 Kf7 37. f4 Ke6 38. g3 g5 39. fxg5 fxg5
40. h4 h6 41. hxg5 hxg5 42. Ke3 Ke5 43. Kd3 g4 44. Ke3 c4 45. bxc4 bxc4 0-1

[Event "Sparkassen-Open A"]
[Site "Heusenstamm, Martinsee"]
[Date "2015.11.26"]
[Round "1.67"]
[White "Junker, Christian"]
[Black "Bethke, Richard"]
[Result "1-0"]
[WhiteElo "2016"]
[BlackElo "1672"]
[PlyCount "85"]
[EventDate "2015.??.??"]
[WhiteTeam "SV Neu-Isenburg"]
[BlackTeam "SC Gelnhausen"]

1. Nf3 d5 2. g3 c6 3. d3 Nf6 4. Nbd2 g6 5. Bg2 Bg7 6. O-O O-O 7. e4 dxe4 8.
dxe4 Bg4 9. h3 Bxf3 10. Qxf3 Nbd7 11. Qe2 Qc7 12. a4 e5 13. b3 Ne8 14. Ba3 c5
15. Nc4 f5 16. Ne3 f4 17. Nd5 Qd8 18. Rfd1 Qg5 19. h4 Qh6 20. Ne7+ Kh8 21. Rxd7
g5 22. Nf5 Rxf5 23. exf5 f3 24. Qxf3 e4 25. Qd1 gxh4 26. Rxg7 Nxg7 27. Bb2 hxg3
28. fxg3 c4 29. bxc4 e3 30. Qd4 e2 31. Re1 Re8 32. f6 Rg8 33. fxg7+ Qxg7 34.
Rxe2 h5 35. Qxg7+ Rxg7 36. Re7 Kh7 37. Rxg7+ Kh6 38. Rxb7 Kg5 39. Kf2 a5 40.
Kf3 Kg6 41. Kf4 h4 42. Be4+ Kh5 43. Rh7# 1-0

[Event "Sparkassen-Open A"]
[Site "Heusenstamm, Martinsee"]
[Date "2015.11.26"]
[Round "1.68"]
[White "Leichum, Engelbert"]
[Black "Mock, Oskar"]
[Result "0-1"]
[WhiteElo "1670"]
[BlackElo "2015"]
[PlyCount "54"]
[EventDate "2015.??.??"]
[WhiteTeam "vereinslos"]
[BlackTeam "Stuttgarter SF"]

1. e4 c5 2. Nf3 g6 3. d4 cxd4 4. Nxd4 Nc6 5. Nc3 Bg7 6. Be3 Nf6 7. Be2 O-O 8.
Qd2 d5 9. f3 e5 10. Nxc6 bxc6 11. O-O-O Be6 12. Bc5 Re8 13. exd5 cxd5 14. Kb1
Qa5 15. Ba3 Rab8 16. Ka1 e4 17. Nb1 Qb6 18. b3 exf3 19. Qe1 fxe2 20. Qxe2 Bg4
21. Qf1 Bxd1 22. Qxd1 Ne4+ 23. Bb2 Bxb2+ 24. Kxb2 Nf2 25. Qf1 Nxh1 26. Qxh1
Qd4+ 27. Kc1 Re2 0-1

[Event "Sparkassen-Open A"]
[Site "Heusenstamm, Martinsee"]
[Date "2015.11.26"]
[Round "1.69"]
[White "Von Auer, Ulrich"]
[Black "Wilk, David"]
[Result "1-0"]
[WhiteElo "2014"]
[BlackElo "1668"]
[PlyCount "76"]
[EventDate "2015.??.??"]
[WhiteTeam "SF Frankfurt"]
[BlackTeam "SF Mainz"]

1. d4 Nf6 2. c4 g6 3. Nc3 Bg7 4. e4 d6 5. Be2 O-O 6. Nf3 Re8 7. O-O Nc6 8. d5
Ne5 9. Nxe5 dxe5 10. Be3 e6 11. Rc1 h5 12. Bg5 Qd6 13. Qd3 Bd7 14. Rfd1 Nh7 15.
Be3 f5 16. Nb5 Bxb5 17. cxb5 exd5 18. Qxd5+ Qxd5 19. Rxd5 Nf6 20. Rdc5 f4 21.
Bd2 Nxe4 22. R5c2 Nxd2 23. Rxd2 Re7 24. Rdc2 Rd8 25. Rxc7 Rxc7 26. Rxc7 Rd2 27.
Kf1 Rxb2 28. Bc4+ Kf8 29. Rf7+ Kg8 30. Rxb7+ Kh8 31. Rxa7 e4 32. Rd7 Rb4 33.
Bf7 Rb1+ 34. Ke2 Rb2+ 35. Rd2 f3+ 36. gxf3 exf3+ 37. Kd1 Rxb5 38. Bxg6 Rb1+ 1-0

[Event "Sparkassen-Open A"]
[Site "Heusenstamm, Martinsee"]
[Date "2015.11.26"]
[Round "1.70"]
[White "van Foreest, Pieter"]
[Black "Calvi, Stefan"]
[Result "0-1"]
[WhiteElo "1661"]
[BlackElo "2013"]
[PlyCount "116"]
[EventDate "2015.??.??"]
[WhiteTeam "vereinslos"]
[BlackTeam "SF Frankfurt"]

1. e4 c5 2. Nf3 Nc6 3. d4 cxd4 4. c3 Nf6 5. e5 Nd5 6. Bc4 e6 7. Bxd5 exd5 8.
cxd4 d6 9. O-O dxe5 10. Re1 Be7 11. Nxe5 O-O 12. Nc3 Be6 13. Bf4 Rc8 14. Qd3
Re8 15. Qg3 Nxd4 16. Rad1 Nf5 17. Qd3 Bb4 18. a3 Bxc3 19. bxc3 Qa5 20. g4 Rxc3
21. Qb1 Nd6 22. Bd2 Ne4 23. Rxe4 dxe4 24. Bxc3 Qxc3 25. Qxe4 Qxa3 26. Qxb7 Qb3
27. Rb1 Qxb7 28. Rxb7 f6 29. Nc6 a6 30. Ra7 Bxg4 31. Rxa6 Bf3 32. h3 h5 33. h4
Bxc6 34. Rxc6 Re4 35. Kg2 Rxh4 36. Kg3 Rg4+ 37. Kh3 Kh7 38. f3 Rg5 39. Kh4 Kh6
40. Rc8 Rf5 41. Kg3 Kg5 42. Rh8 h4+ 43. Kg2 Rf4 44. Ra8 f5 45. Rg8 g6 46. Rh8
Ra4 47. Kh3 Rb4 48. Rh7 Rf4 49. Kg2 Kf6 50. Kf2 g5 51. Rh8 Ra4 52. Kg2 Ke5 53.
Re8+ Kf4 54. Re2 Ra3 55. Rb2 Ra4 56. Rc2 Rd4 57. Rf2 Ke3 58. Rf1 Rd2+ 0-1

[Event "Sparkassen-Open A"]
[Site "Heusenstamm, Martinsee"]
[Date "2015.11.26"]
[Round "1.71"]
[White "Dickmann, Thomas"]
[Black "Papadopoulos, Ioannis"]
[Result "1-0"]
[WhiteElo "2013"]
[BlackElo "1656"]
[PlyCount "53"]
[EventDate "2015.??.??"]
[WhiteTeam "SV Wesel"]
[BlackTeam "SV Oberursel"]

1. e4 e5 2. Nf3 Nc6 3. Bb5 a6 4. Bxc6 dxc6 5. O-O Bd6 6. d4 exd4 7. Qxd4 f6 8.
Be3 Be6 9. Nbd2 Ne7 10. Rfd1 b5 11. c4 Bb4 12. c5 Qxd4 13. Nxd4 Bf7 14. N2b3
Rd8 15. a3 Rxd4 16. Nxd4 Bxc5 17. Rac1 Bxd4 18. Bxd4 O-O 19. Bc5 Re8 20. Bxe7
Rxe7 21. Rxc6 Rxe4 22. Rxc7 g6 23. Rd8+ Kg7 24. f3 Re2 25. Rdd7 Kh6 26. Rxf7
Rxb2 27. h4 1-0

[Event "Sparkassen-Open A"]
[Site "Heusenstamm, Martinsee"]
[Date "2015.11.26"]
[Round "1.72"]
[White "Kornilov, Alexander"]
[Black "Küpper, Martin"]
[Result "0-1"]
[WhiteElo "1653"]
[BlackElo "2013"]
[PlyCount "32"]
[EventDate "2015.??.??"]
[WhiteTeam "SC Butzbach"]
[BlackTeam "SC Fulda"]

1. d4 Nf6 2. Nf3 d5 3. Bf4 c5 4. e3 Nc6 5. c3 e6 6. Nbd2 Be7 7. h3 b6 8. Bb5
Bd7 9. a3 O-O 10. O-O Ne4 11. Qa4 a6 12. Nxe4 axb5 13. Qxb5 dxe4 14. Nd2 Nxd4
15. Qc4 Bb5 16. Qa2 Ne2+ 0-1

[Event "Sparkassen-Open A"]
[Site "Heusenstamm, Martinsee"]
[Date "2015.11.26"]
[Round "1.73"]
[White "Kagan, Dennis"]
[Black "Weber, Detlef"]
[Result "1-0"]
[WhiteElo "2009"]
[BlackElo "1644"]
[PlyCount "125"]
[EventDate "2015.??.??"]
[WhiteTeam "SG Porz"]
[BlackTeam "SC Höxter"]

1. e4 c5 2. Nf3 d6 3. Bb5+ Bd7 4. Bxd7+ Nxd7 5. O-O Ngf6 6. Re1 e6 7. c3 Be7 8.
d4 O-O 9. e5 dxe5 10. dxe5 Ne8 11. Qe2 a6 12. c4 Nc7 13. Nc3 f5 14. exf6 Bxf6
15. Bf4 Re8 16. Ne4 e5 17. Bg3 Re6 18. Rad1 Qe7 19. Rxd7 Qxd7 20. Nxc5 Qe7 21.
Nxe6 Qxe6 22. Qe4 Re8 23. b3 b5 24. Rc1 bxc4 25. Qxc4 Qxc4 26. Rxc4 Nb5 27. Kf1
Re6 28. a4 Na7 29. Nd2 Nc6 30. Re4 Kf7 31. Nc4 g5 32. f3 h5 33. h4 gxh4 34.
Bxh4 Bg7 35. Bg3 Kg6 36. Kf2 Kf7 37. Bh2 Bf6 38. Ke3 Bg5+ 39. Kd3 Kf6 40. Kc3
Bh6 41. b4 Bf8 42. b5 axb5 43. axb5 Nb4 44. Rxe5 Rxe5 45. Nxe5 Ke6 46. Ng6 Nd5+
47. Kd4 Bh6 48. Kc5 Be3+ 49. Kc6 Nb4+ 50. Kb7 Nd5 51. g3 Bf2 52. Nf4+ Nxf4 53.
gxf4 h4 54. f5+ Kxf5 55. Bc7 Bg3 56. b6 Bf4 57. Bxf4 Kxf4 58. Kc6 h3 59. b7
Kxf3 60. b8=Q Kg2 61. Qg8+ Kf2 62. Qd5 h2 63. Qh1 1-0

[Event "Sparkassen-Open A"]
[Site "Heusenstamm, Martinsee"]
[Date "2015.11.26"]
[Round "1.74"]
[White "Schwarz, Matthias"]
[Black "Schultze, Jörg Martin"]
[Result "0-1"]
[WhiteElo "1641"]
[BlackElo "2005"]
[PlyCount "40"]
[EventDate "2015.??.??"]
[WhiteTeam "SG Idstein"]
[BlackTeam "SF Anderssen Wetzlar"]

1. e4 c6 2. Nc3 d5 3. Nf3 Bg4 4. h3 Bxf3 5. Qxf3 e6 6. exd5 cxd5 7. d4 Nc6 8.
Bb5 Nf6 9. Bg5 Be7 10. O-O O-O 11. Rad1 Qb6 12. Rfe1 Nxd4 13. Qd3 Nxb5 14. Nxb5
Rac8 15. Be3 Bc5 16. Bxc5 Rxc5 17. Nd4 Rfc8 18. g4 h6 19. Kh1 Ne4 20. Qf3 Qxb2
0-1

[Event "Sparkassen-Open A"]
[Site "Heusenstamm, Martinsee"]
[Date "2015.11.26"]
[Round "1.75"]
[White "Kropp, Volker"]
[Black "Köllner, Aaron Noah"]
[Result "1-0"]
[WhiteElo "2002"]
[BlackElo "1632"]
[PlyCount "129"]
[EventDate "2015.??.??"]
[WhiteTeam "SV Mainz-Mombach"]
[BlackTeam "SV Bergneustadt/Derschlag"]

1. d4 c5 2. e3 e6 3. Nf3 Nf6 4. c4 Nc6 5. Nc3 cxd4 6. exd4 Be7 7. Be2 d6 8. h3
a6 9. Be3 Qc7 10. Rc1 b6 11. O-O Bb7 12. b4 O-O 13. Qb3 Rfd8 14. Rfd1 d5 15.
cxd5 Nxd5 16. Nxd5 Rxd5 17. b5 axb5 18. Bxb5 Qd6 19. Bxc6 Bxc6 20. Qxb6 Ba4 21.
Qxd6 Rxd6 22. Rd3 Bf6 23. Rdc3 h6 24. Rc8+ Rd8 25. Rxd8+ Rxd8 26. Rc5 Bd1 27.
Ne5 Bxe5 28. Rxe5 Rd5 29. Rxd5 exd5 30. Kf1 Kf8 31. Ke1 Ba4 32. Kd2 Bb5 33. h4
h5 34. Kc3 Ke7 35. Kb4 Bc4 36. a4 Kd6 37. Ka5 Kc6 38. Bf4 g6 39. g3 Be2 40. Kb4
Bc4 41. Kc3 Kb6 42. Be5 Ka5 43. Kd2 Kxa4 44. Ke3 Bb5 45. Kf4 Bd7 46. f3 Kb5 47.
g4 f6 48. Bxf6 Kc6 49. Kg5 Be8 50. Be5 Kd7 51. Kf6 Kd8 52. g5 Bd7 53. Kxg6 Ke7
54. Bf6+ Kf8 55. Kxh5 Kf7 56. Kh6 Bf5 57. h5 Bd3 58. Be5 Kg8 59. g6 Bf5 60. Kg5
Bc2 61. h6 Bxg6 62. Kxg6 Kf8 63. h7 Ke7 64. h8=Q Ke6 65. Qe8# 1-0

[Event "Sparkassen-Open A"]
[Site "Heusenstamm, Martinsee"]
[Date "2015.11.26"]
[Round "1.76"]
[White "von Kortzfleisch, Ruben"]
[Black "Calder, Dennis"]
[Result "0-1"]
[WhiteElo "1379"]
[BlackElo "2000"]
[PlyCount "78"]
[EventDate "2015.??.??"]
[WhiteTeam "SF Bad Mergentheim"]
[BlackTeam "SC Bad Nauheim"]

1. e4 e5 2. Nf3 Nc6 3. Bc4 Bc5 4. c3 Nf6 5. d4 exd4 6. e5 d5 7. Bb5 Ne4 8. cxd4
Bb4+ 9. Nbd2 O-O 10. O-O Bg4 11. Qa4 Bxd2 12. Nxd2 Ne7 13. Qc2 Bf5 14. Nxe4
Bxe4 15. Qe2 Rc8 16. Be3 Nf5 17. f3 Nxe3 18. Qxe3 Bg6 19. Rac1 Qe7 20. a3 Rfd8
21. Rc3 c5 22. Rxc5 Rxc5 23. dxc5 d4 24. Qc1 Qxe5 25. Re1 Qc7 26. b4 f6 27. Qd2
Kf8 28. h4 b6 29. Qe2 Re8 30. Qf1 bxc5 31. Rxe8+ Bxe8 32. Qe1 Bf7 33. Bd3 c4
34. Bxh7 g6 35. Qe4 Qe7 36. Qg4 Qe3+ 37. Kf1 Kg7 38. a4 c3 39. b5 Bc4# 0-1

[Event "Sparkassen-Open A"]
[Site "Heusenstamm, Martinsee"]
[Date "2015.11.26"]
[Round "1.77"]
[White "Schneider, Johannes"]
[Black "Bitzer, Andre"]
[Result "1-0"]
[WhiteElo "1998"]
[BlackElo "1617"]
[PlyCount "55"]
[EventDate "2015.??.??"]
[WhiteTeam "SV Mainz-Mombach"]
[BlackTeam "SV Griesheim"]

1. e4 c6 2. d4 d5 3. Nc3 dxe4 4. Nxe4 Bf5 5. Ng3 Bg6 6. Nf3 Qc7 7. c3 Nd7 8.
Bc4 e6 9. O-O Ngf6 10. Re1 Nd5 11. Bb3 b5 12. Qe2 N7b6 13. Ne5 Be7 14. Bd2 O-O
15. Nxg6 hxg6 16. Bc2 Nc4 17. Bc1 Nd6 18. Ne4 Rad8 19. Ng5 Bxg5 20. Bxg5 Rde8
21. Rad1 Nf5 22. Qf3 c5 23. dxc5 Qxc5 24. Qe2 f6 25. Bc1 e5 26. Rxd5 Qxd5 27.
Bb3 Rd8 28. Rd1 1-0

[Event "Sparkassen-Open A"]
[Site "Heusenstamm, Martinsee"]
[Date "2015.11.26"]
[Round "1.78"]
[White "Friedel, Thomas"]
[Black "Harringer, Manfred"]
[Result "0-1"]
[WhiteElo "1615"]
[BlackElo "1995"]
[PlyCount "80"]
[EventDate "2015.??.??"]
[WhiteTeam "SV Groß Gerau"]
[BlackTeam "Bergische SF"]

1. e4 e5 2. Nf3 Nc6 3. Bc4 Be7 4. Nc3 Nf6 5. d3 d6 6. h3 Na5 7. Bb3 Nxb3 8.
axb3 O-O 9. Be3 c5 10. O-O Ne8 11. Nd5 f5 12. exf5 Bxf5 13. Qd2 Nc7 14. Nxc7
Qxc7 15. Bg5 Bxh3 16. Qe3 Bg4 17. Bxe7 Qxe7 18. Qg5 Qd7 19. Nd2 Rf6 20. Ra4 Rg6
21. Qh4 Bh3 22. Kh2 Bxg2 23. Rg1 b5 24. Rxg2 Rxg2+ 25. Kxg2 bxa4 26. bxa4 Rf8
27. b3 Rf4 28. Qh5 g6 29. Qe2 Rg4+ 30. Kf1 Rh4 31. Qf3 Kg7 32. Ne4 Rf4 33. Qg3
Qe7 34. Qe3 h6 35. Ke2 Qe6 36. Qg3 Rf7 37. Qh4 g5 38. Qh5 Rd7 39. Kd2 Qf7 40.
Qh2 Qf4+ 0-1